Μαθήματα ρητορικής
Αποθηκεύτηκε σε:
| Κύριος συγγραφέας: | |
|---|---|
| Άλλοι συγγραφείς: | , , |
| Μορφή: | Βιβλίο |
| Γλώσσα: | Greek |
| Δημοσίευση: |
[Αθήνα] :
Πλέθρον,
[2004]
|
| Θέματα: | |
| Ετικέτες: |
Προσθήκη ετικέτας
Δεν υπάρχουν, Καταχωρήστε ετικέτα πρώτοι!
|
MARC
| LEADER | 00000cam a2200000 i 4500 | ||
|---|---|---|---|
| 001 | 1/54362 | ||
| 008 | 070910s2004 gre d | ||
| 020 | |a 960-348-130-0 | ||
| 035 | |l 10090552 | ||
| 040 | |a GR-MY-UA |b gre |e aacr | ||
| 041 | 0 | |a gre | |
| 082 | 0 | |a 808.5 |2 (22) | |
| 100 | 1 | |a Nietzsche, Friedrich Wilhelm, |d 1844-1900. | |
| 245 | 1 | 0 | |a Μαθήματα ρητορικής / |c Friedrich Nietzsche ; μετάφραση Αιμιλία Μανούση ; εισαγωγή-επιστημονική επιμέλεια Διονύσης Καββαθάς ; πρόλογος Δημήτρης Δημηρούλης ; επίμετρο C. Blair - S. L. Gilman |
| 260 | |a [Αθήνα] : |b Πλέθρον, |c [2004] | ||
| 300 | |a 283 σ.; |c 21 εκ. | ||
| 504 | |a Βιβλιογραφία: σ. 277-283 | ||
| 650 | 0 | 0 | |a Rhetoric. |
| 650 | 0 | 0 | |a Rhetoric |x History. |
| 650 | 0 | 0 | |a Rhetoric |x Greece. |
| 650 | 0 | 0 | |a Persuasion (Rhetoric) |
| 650 | 0 | 0 | |a Oratory. |
| 650 | 0 | 0 | |a Rhetoric |x Study and teaching. |
| 700 | 1 | |a Μανούση, Αιμιλία, |e trlf | |
| 700 | 1 | |a Καββαθάς, Διονύσιος, |e edt | |
| 700 | 1 | |a Δημηρούλης, Δημήτρης Σ. |e aui | |
| 852 | |a INST |b RHODES |e 20070910 |h 808.5 NIE |p 005400025868 |q 005400025868 |t BK |y 0 | ||
| 901 | |a BIBL4-2007-3 | ||
| 909 | |a Ρ |b 138567 | ||
| 922 | |a 4ΕΛΗ |b 200708 |c ΕΠΕΑΕΚ2/ΠΤΔΕ |d Σ. ΠΑΤΑΚΗΣ | ||
| 970 | |a ΧΑΡΙΟΠΟΛΙΤΟΥ |b ΚΩΝΣΤΑΝΤΙΝΑ |z 2007/09/10 | ||